Catalog

Record Details

Catalog Search



Stop the world I want to get On  Cover Image Book Book

Stop the world I want to get On / C. Peter Wagner

Wagner, C. Peter (Author).

Record details

  • ISBN: 0-8307-0271-7
  • Physical Description: 136 p.
  • Edition: 1st ed.
  • Publisher: Glendale, California G/L Regal Books 1974

Available copies

  • 1 of 1 copy available at Common Catalog SPOK.

Holds

  • 0 current holds with 1 total copy.
Show All Copies
Location Call Number / Copy Notes Barcode Shelving Location Status Due Date
ETS Library 266 424470001876 Volný výběr Available -

LDR 00641nam a2 00241
00141422
003CZ-PrJAB
00520040123000000.0
008030324s1974 xxu e |||| |eng
009us
020 . ‡a0-8307-0271-7
035 . ‡a(CONS)8766
035 . ‡aKPS1689
041 . ‡aeng
08214. ‡a266
100 . ‡7373 ‡aWagner, C. Peter
245 . ‡aStop the world I want to get On / ‡cC. Peter Wagner
250 . ‡a1st ed.
260 . ‡aGlendale, California ‡bG/L Regal Books ‡c1974
300 . ‡a136 p.
653 . ‡aStop the world I want to get On
8524 . ‡bETS ‡bETS ‡cVolný výběr ‡j266 ‡gA ‡p424470001876
910 . ‡aABG450
999 . ‡a8766 ‡bAUTOGEN ‡c8766 ‡tbiblio
905 . ‡uadmin
901 . ‡a41422 ‡b ‡c41422 ‡tbiblio ‡sets

Additional Resources